| 000 | 00626nam a2200193Ia 4500 | ||
|---|---|---|---|
| 003 | GCL | ||
| 008 | 140319s9999 xx 000 0 ara d | ||
| 040 |
_aGCL / _cGCL |
||
| 082 | 0 | 4 |
_aد _b050 _bو ا |
| 100 | 1 | _aجان فرانسوا الوجران | |
| 245 | 1 | 0 |
_aاصوات الانتفاضة الفلسطينية / _cجان فرانسوا الوجران |
| 260 |
_a[S.N] : _bسيداج |
||
| 300 | _aمتعدد الترقيم | ||
| 490 |
_aالجغرافيا الاسلامية _v0 |
||
| 650 | 0 | 4 | _aالسياسة |
| 650 | 0 | 4 | _aالانتفاضة |
| 650 | 0 | 4 | _aالانتفاضة الفلسطينية |
| 942 |
_2ddc _cCF |
||
| 999 |
_c27443 _d27443 |
||